Ativismo em rede e conexoes identitárias: novas perspecticas para os movimentos sociais /
Este trabajo busca identificar las principales características de las nuevas formas de organización de los movimientos sociales, con base en el uso de las nuevas tecnologías de información y comunicación. A partir de la descripción de algunos casos y mostrando como los colectivos atribuyen a Interne...
Сохранить в:
| Главный автор: | |
|---|---|
| Формат: | Текст |
| Предметы: | |
| Метки: |
Добавить метку
Нет меток, Требуется 1-ая метка записи!
|
MARC
| LEADER | 00000 a a2200000 04500 | ||
|---|---|---|---|
| 001 | 18351 | ||
| 003 | |||
| 040 | |||
| 100 | |a S. Machado, Jorge Alberto | ||
| 245 | |a Ativismo em rede e conexoes identitárias: novas perspecticas para os movimentos sociais / |c Jorge Alberto S. Machado | ||
| 520 | |a Este trabajo busca identificar las principales características de las nuevas formas de organización de los movimientos sociales, con base en el uso de las nuevas tecnologías de información y comunicación. A partir de la descripción de algunos casos y mostrando como los colectivos atribuyen a Internet un papel central en sus formas de articulación, desenvolviéndose con éxito nuevas formas de organización, donde comparten metas, alineamiento de estrategias y formación de coaliciones y alianzas de alcance global. Dicho fenómeno abre un amplio horizonte de transformaciones y cambios sociales que apuntan al surgimiento de nuevas dinámicas de acción colectiva en base a complejas redes identitarias, orientadas por valores "universales" | ||
| 650 | |a MOVIMIENTOS SOCIALES | ||
| 650 | |a REDES SOCIALES | ||
| 650 | |a TECNOLOGIAS DE LA INFORMACION | ||
| 773 | |g volumen 9, número 18; páginas 248-284 | ||
| 999 | |c 21429 |d 21429 | ||
